MARC

LEADER 00000nam^a2200000^a^4500
001 000380944
005 20250521000000.0
009 20260310120629.7
020 |a 970-764-113-4 
037 |a Acervo ITESO - Biblioteca 
041 |a ESP 
082 |a 370. 78  |b MOR 
100 |a Moreno Bayardo, María Guadalupe  |e (coord.) 
245 1 0 |a Haciendo camino en la investigacion educativa /  |c Coord. de M.G. Moreno Bayardo ; pról. de M.A. Santos Villareal. 
264 4 |a Guadalajara, México :  |b Universidad La Salle, Centro de Investigaciones Pedagógicas y Sociales,  |c 2005, c2005 
300 |a 306 p. 
336 |a texto  |b txt  |2 rdacontenido 
337 |a sin mediación  |b n  |2 rdamedio 
338 |a volumen  |b nc  |2 rdasoporte 
440 1 |a (Doctorado en Educación. Programa Interinstitucional) 
649 |a XX 
650 |a Profesores 
650 |a Investigadores 
650 |a Computadoras en la Educación 
650 |a Internet 
650 |a Realidad Virtual 
650 |a Tecnologías de Comunicación e Información 
650 |a Discapacidad -  |x Aspectos Sociales y Culturales 
650 |a Marginación 
650 |a Aprendizaje 
650 |a Conocimiento 
650 |a Formación y Capacitación de Investigadores -  |x Tema Principal 
650 |a Desarrollo Profesional 
650 |a Estudios de Posgrado 
650 |a Investigación Educativa -  |x Tema Principal 
650 |a Investigación -  |x Estudio y Enseñanza 
650 |a Práctica Educativa 
650 |a Proceso Educativo 
650 |a Educación a Distancia 
650 |a Educación Primaria 
650 |a Educación Media Superior 
650 |a Educación Superior 
650 |a Educación -  |x Estudio y Enseñanza 
700 |a Santos Villareal, Miguel Angel  |e (prólogo) 
910 |a Fondo General 
920 |a Impresos - Libros 
930 |a Colección General 
905 |a 101 
901 |a 0500275936  |b IT1  |c ACC  |i D78375  |u 20250521 
902 |a https://opac.biblio.iteso.mx/vufind/Record/000380944